Statistics for Continents in French

Click here to take the quiz!

General Stats

  • This quiz has been taken 37 times
  • The average score is 9 of 13

Answer Stats

HintAnswer% Correct
EuropeEurope
100%
AfricaAfrique
91%
AsiaAsie
91%
AustraliaAustralie
91%
AntarcticaAntarctique
83%
EuropeanEuropéen
83%
North AmericaAmérique du Nord
78%
South AmericaAmérique du Sud
74%
AustralianAustralien
74%
AfricanAfricain
39%
North AmericanNord Américain
39%
South AmericanSud Américain
39%
AsianAsiatique
35%

Score Distribution

Percentile by Number Answered

Percent of People with Each Score

Your Score History

You have not taken this quiz